You like it darker (Record no. 4567)

MARC details
000 -CABECERA
campo de control de longitud fija 02549cam a2200325 i 4500
001 - NÚMERO DE CONTROL
campo de control 991027151584107026
003 - IDENTIFICADOR DEL NÚMERO DE CONTROL
campo de control UkOxU
005 - FECHA Y HORA DE LA ÚLTIMA TRANSACCIÓN
campo de control 20250324094702.0
007 - CAMPO FIJO DE DESCRIPCIÓN FÍSICA--INFORMACIÓN GENERAL
campo de control de longitud fija ta
008 - DATOS DE LONGITUD FIJA--INFORMACIÓN GENERAL
campo de control de longitud fija 240209s2024 enk 000 1 eng d
020 ## - NÚMERO INTERNACIONAL ESTÁNDAR DEL LIBRO
Número Internacional Estándar del Libro 9781399725101
Información calificativa trade paperback
020 ## - NÚMERO INTERNACIONAL ESTÁNDAR DEL LIBRO
Número Internacional Estándar del Libro 9781399725095
Información calificativa hardback
035 ## - NÚMERO DE CONTROL DEL SISTEMA
Número de control de sistema (OCoLC)1420889559
Número de control cancelado/no válido (OCoLC)1436450988
035 ## - NÚMERO DE CONTROL DEL SISTEMA
Número de control de sistema (OCoLC)on1420889559
040 ## - FUENTE DE LA CATALOGACIÓN
Centro catalogador/agencia de origen AU@
Lengua de catalogación eng
Normas de descripción rda
Centro/agencia transcriptor AU@
Centro/agencia modificador ATNSH
-- AUNTL
-- NZLPP
-- OCLCO
-- SINLB
-- UKYRK
-- OCLCO
-- ZGR
-- OCLCO
-- QGQ
-- UkOxU
100 ## - ENTRADA PRINCIPAL--NOMBRE DE PERSONA
Nombre de persona King, Stephen
Fechas asociadas al nombre 1947-
Término indicativo de función/relación author.
9 (RLIN) 11316
245 10 - MENCIÓN DE TÍTULO
Título You like it darker
Mención de responsabilidad, etc. / Stephen King.
264 #1 - PRODUCCIÓN, PUBLICACIÓN, DISTRIBUCIÓN, FABRICACIÓN Y COPYRIGHT
Producción, publicación, distribución, fabricación y copyright London :
Nombre del de productor, editor, distribuidor, fabricante Hodder & Stoughton,
Fecha de producción, publicación, distribución, fabricación o copyright 2024.
300 ## - DESCRIPCIÓN FÍSICA
Extensión 484 pages ;
Dimensiones 24 cm
505 0# - NOTA DE CONTENIDO CON FORMATO
Nota de contenido con formato Two talented bastids — The fifth step — Willie the weirdo — Danny Coughlin's bad dream — Finn — On Slide Inn Road — Red screen — The turbulence expert — Laurie — Rattlesnakes — The dreamers — The answer man — Afterword.
520 ## - SUMARIO, ETC.
Sumario, etc. 'You like it darker? Fine, so do I', writes Stephen King in the afterword to this magnificent new collection of twelve stories that delve into the darker part of life - both metaphorical and literal. King has, for half a century, been a master of the form, and these stories, about fate, mortality, luck, and the folds in reality where anything can happen, are as rich and riveting as his novels, both weighty in theme and a huge pleasure to read. King writes to feel 'the exhilaration of leaving ordinary day-to-day life behind', and in You Like it Darker, readers will feel that exhilaration too, again and again. 'Two Talented Bastids' explores the long-hidden secret of how the eponymous gentlemen got their skills. In 'Danny Coughlin's Bad Dream', a brief and unprecedented psychic flash upends dozens of lives, Danny's most catastrophically. In 'Rattlesnakes', a sequel to Cujo, a grieving widower travels to Florida for respite and instead receives an unexpected inheritance - with major strings attached. In 'The Dreamers', a taciturn Vietnam vet answers a job ad and learns that there are some corners of the universe best left unexplored. 'The Answer Man' asks if prescience is good luck or bad and reminds us that a life marked by unbearable tragedy can still be meaningful.
650 #0 - PUNTO DE ACCESO ADICIONAL DE MATERIA--TÉRMINO DE MATERIA
Término de materia o nombre geográfico como elemento de entrada Fate and fatalism
Subdivisión de forma Fiction.
650 #0 - PUNTO DE ACCESO ADICIONAL DE MATERIA--TÉRMINO DE MATERIA
Término de materia o nombre geográfico como elemento de entrada Mortality
Subdivisión de forma Fiction
9 (RLIN) 24284
650 #0 - PUNTO DE ACCESO ADICIONAL DE MATERIA--TÉRMINO DE MATERIA
Término de materia o nombre geográfico como elemento de entrada Fortune
Subdivisión de forma Fiction.
650 #0 - PUNTO DE ACCESO ADICIONAL DE MATERIA--TÉRMINO DE MATERIA
Término de materia o nombre geográfico como elemento de entrada Widowers
Subdivisión de forma Fiction.
650 #0 - PUNTO DE ACCESO ADICIONAL DE MATERIA--TÉRMINO DE MATERIA
Término de materia o nombre geográfico como elemento de entrada Inheritance and succession
Subdivisión de forma Fiction.
9 (RLIN) 24095
655 #0 - TÉRMINO DE INDIZACIÓN--GÉNERO/FORMA
Datos o término principal de género/forma Horror fiction
9 (RLIN) 22808
655 #0 - TÉRMINO DE INDIZACIÓN--GÉNERO/FORMA
Datos o término principal de género/forma Short stories
9 (RLIN) 22375
942 ## - ELEMENTOS DE ENTRADA AGREGADA (KOHA)
Fuente del sistema de clasificación o colocación Clasificación de Library of Congress
Holdings
Estado de retiro Estado de pérdida Fuente del sistema de clasificación o colocación Estado dañado No para préstamo Biblioteca de origen Biblioteca actual Fecha de adquisición Total de préstamos Signatura topográfica completa Fecha visto por última vez Número de copia Precio válido a partir de Tipo de ítem Koha Nota pública
    Clasificación de Library of Congress     TBS Barcelona TBS Barcelona 24/03/2025   P-EN KIN 24/03/2025 1 24/03/2025 Book SOON AVAILABLE

Powered by Koha